| 000 | 02097cam a22003974i 4500 | ||
|---|---|---|---|
| 003 | PE-LiUPU | ||
| 005 | 20250731184106.0 | ||
| 008 | 150616s r 000 0 d | ||
| 035 | _a(Sirsi) a3063 | ||
| 040 |
_aPE-LiUPU _bspa _cPE-LiUPU _erda |
||
| 049 | _aPRUA | ||
| 082 | 0 | 4 |
_a868.13 _bJ91l _221 |
| 100 | 1 |
_aJuan Manuel, _eautor _cInfante de Castilla, _d1282-1347 |
|
| 245 | 1 | 0 |
_aLibro de los ejemplos del Conde Lucanor y de Patronio / _cDon Juan Manuel ; introducción y notas de Pedro Henríquez Ureña. |
| 264 | 1 |
_aBuenos Aires : _bEditorial Losada, _c1965. |
|
| 300 |
_a269 páginas ; _c19 centímetros. |
||
| 336 |
_atext _2rdacontent |
||
| 337 |
_aunmediated _2rdamedia |
||
| 338 |
_avolume _2rdacarrier |
||
| 500 | _aEspañol antiguo. | ||
| 505 | 0 | _aDe lo que contesció a un rey con un su privado -- De lo que contesció a un home bueno con su fijo -- Del salto que fizo el rey Richalte de englaterra en el mar contra los moros -- De lo que dixo un genovés a su alma cuando se hobo de morir -- De lo que contesció a un rapaso con su cuervo que tenía un pedazo de queso en el pico -- De lo que contesció a la golondrina con las otras aves cuando vío sembrar el lino -- De lo que contesció a una muger quel'dizían doña truhana -- De lo que contesció a un homne que habían de alimpiar el fígado -- de lo que contesció a los dos caballeros con el león -- De lo que contesció a un homne que por pobreza et mengua de otra vianda comía atramuces -- . | |
| 526 | _aP145 | ||
| 526 | _aP127 | ||
| 526 | _aP97 | ||
| 526 | _aP14 | ||
| 526 | _aP07 | ||
| 650 | 0 |
_aLiteratura española _vColecciones de escritos _92054 |
|
| 650 | 0 |
_aLiteratura española _ySiglo XIV _92055 |
|
| 650 | 0 |
_aCuentos infantiles españoles _92056 |
|
| 700 |
_aHenríquez Ureña, Pedro, _d1884-1946 _92057 |
||
| 910 | _ajck | ||
| 942 |
_2ddc _cBK |
||
| 949 |
_a800 M31 _wDEWEY _c1 _i07376 _lCCODEBUL1 _mBUL _p00.00 _r0 _sY _tBOOK _u2015-04-23 _xEDUCACION _0COMPRA _o.STAFF. Colección General |
||
| 999 |
_c38095 _d38095 |
||
| 980 |
_81 _gALBERTO SANCHEZ Responsable de Automatización |
||